Ricostruisci la Carriera del Calciatore - Jan Oblak - Statistics

Statistiche generali
  • Questo quiz è stato fatto 9 volte
  • Il punteggio medio è 3 su 7
Statistiche sulle risposte
Hint Risposta % Corretto
2014- Atlético Madrid
83%
2013-2014 Benfica
50%
2011 Olhanense
50%
2012-2013 Rio Ave
50%
2010-2011 Beira-Mar
33%
2009-2010 Olimpia Lubiana
33%
2011-2012 União Leiria
17%
Nessun quiz corrispondente trovato
Distribuzione punteggi
Percentuale di utenti per punteggio
Percentile per numero di risposta
I tuoi punteggi nel tempo
Non hai fatto questo quiz